Organización práctica de la construcción y obras públicas / (Record no. 109319)

MARC details
000 -LEADER
campo de control de longitud fija 00843nam a2200241 4500
001 - NÚMERO DE CONTROL
campo de control 109319
003 - IDENTIFICADOR DE NÚMERO DE CONTROL
campo de control ES-MaACL
005 - FECHA Y HORA DE LA ÚLTIMA TRANSACCIÓN
campo de control 20230906184824.0
007 - CAMPO FIJO DE DESCRIPCIÓN FÍSICA--INFORMACIÓN GENERAL
campo de control de longitud fija t|
008 - DATOS DE LONGITUD FIJA--INFORMACIÓN GENERAL
campo de control de longitud fija 061121s1973 sp r ||||1| spa d
100 1# - ENTRADA PRINCIPAL--NOMBRE DE PERSONA
Nombre de persona Olivier, Emile.
9 (RLIN) 86888
245 10 - MENCIÓN DEL TÍTULO
Título Organización práctica de la construcción y obras públicas /
Mención de responsabilidad, etc. Emile Olivier ; versión Martín Llorens y José María Massaguer ; revisión y prólogo J. Torres Trías.
250 ## - MENCION DE EDICION
Mención de edición [1ª ed.].
260 ## - PUBLICACIÓN, DISTRIBUCIÓN, ETC.
Lugar de publicación, distribución, etc. Barcelona :
Nombre del editor, distribuidor, etc. Blume,
Fecha de publicación, distribución, etc. 1973.
300 ## - DESCRIPCIÓN FÍSICA
Otras características físicas il.
490 1# - MENCIÓN DE SERIE
Mención de serie Biblioteca técnica de construcción
700 1# - ENTRADA AGREGADA--NOMBRE PERSONAL
Nombre de persona Llorens, Martín.
9 (RLIN) 72879
700 1# - ENTRADA AGREGADA--NOMBRE PERSONAL
Nombre de persona Massaguer Navarro, José María.
9 (RLIN) 150669
700 1# - ENTRADA AGREGADA--NOMBRE PERSONAL
Nombre de persona Torres Trías, J.
9 (RLIN) 111023
830 0# - PUNTO DE ACCESO ADICIONAL DE SERIE-TÍTULO UNIFORME
Título uniforme Biblioteca técnica de construcción
9 (RLIN) 232974
852 ## - LOCALIZACIÓN
Ubicación ES-MaACL
Número de control de estantería C-47216
Sublocalización o colección R.84886
Holdings
Estatus retirado Estado de pérdida Estado de daño No para préstamo Biblioteca de origen Biblioteca actual Ubicación en estantería Fecha de adquisición Fuente de adquisición Total de préstamos Signatura topográfica completa Código de barras Visto por última vez Precio de reemplazo Tipo de ítem Koha
        Biblioteca del Ateneo de Madrid Biblioteca del Ateneo de Madrid Depósito 2 17/01/2008     C-47216 1114066 23/02/2023 23/02/2023 Libro impreso